| 000 | 00367cam a2200145ua 4500 | ||
|---|---|---|---|
| 041 |
_aeng _h |
||
| 082 |
_a574.0151 _bBRI/ES |
||
| 100 | _aBritton, Nicholas F . | ||
| 245 |
_aEssential mathematical biology / _cNicholas F Britton. _hTextual Documents |
||
| 260 |
_a : _bSpringer , _c2007. |
||
| 300 | _a335 ; . | ||
| 504 | _a | ||
| 942 | _cBK | ||
| 999 |
_c13365 _d13365 |
||